[Event "11. Lichtenberger Sommer"]
[Site "Berlin"]
[Date "2012.08.21"]
[Round "4.21"]
[White "Jaeger, Andre"]
[Black "Sieglen, Joachim"]
[Result "1/2-1/2"]
[WhiteElo "2002"]
[BlackElo "2281"]
[PlyCount "54"]
[EventDate "2012.??.??"]
[WhiteTeam "SC Rochade e.V."]
[BlackTeam "SC Untergrombach 46"]

1. d4 Nf6 2. c4 c5 3. Nf3 cxd4 4. Nxd4 e6 5. Nc3 Nc6 6. g3 Qb6 7. Nb3 Ne5 8. e4
Bb4 9. Qe2 d6 10. f4 Nc6 11. Be3 Bxc3+ 12. bxc3 Qc7 13. Bg2 O-O 14. O-O Rd8 15.
Rad1 Ne8 16. c5 dxc5 17. Rxd8 Nxd8 18. Nxc5 e5 19. fxe5 Ne6 20. Qb5 Qe7 21.
Nxe6 Bxe6 22. Bc5 Qc7 23. Rb1 b6 24. Bd4 Qb7 25. Qe2 Nc7 26. Bf1 Qc6 27. Rb4 b5
1/2-1/2

[Event "11. Lichtenberger Sommer"]
[Site "Berlin"]
[Date "2012.08.21"]
[Round "4.22"]
[White "Hermannsdörfer, Frank"]
[Black "Schmidt, Jürgen"]
[Result "1/2-1/2"]
[WhiteElo "2242"]
[BlackElo "2055"]
[PlyCount "72"]
[EventDate "2012.??.??"]
[WhiteTeam "SV 1861 Liebschwitz"]
[BlackTeam "SC Kreuzberg e.V."]

1. b3 d5 2. Bb2 Bf5 3. e3 Nd7 4. Nf3 Ngf6 5. d3 e6 6. Nbd2 Bc5 7. Be2 Qe7 8. a3
Bg6 9. Nh4 e5 10. c4 d4 11. Nxg6 hxg6 12. e4 Bd6 13. b4 c5 14. b5 a5 15. bxa6
Rxa6 16. g3 Bc7 17. Nb3 Qe6 18. Bc1 Ba5+ 19. Nxa5 Rxa5 20. Rb1 b6 21. h4 Qc6
22. Qb3 Nh5 23. Rg1 Nhf6 24. Bf3 Ke7 25. Bd2 Ra7 26. Ra1 Rha8 27. Bd1 Ne8 28.
a4 Nd6 29. Qb1 f5 30. Bg5+ Nf6 31. f3 Nf7 32. Qb2 Nxg5 33. hxg5 Nh5 34. Rb1 Ra6
35. Qb5 Qxb5 36. Rxb5 f4 1/2-1/2

[Event "11. Lichtenberger Sommer"]
[Site "Berlin"]
[Date "2012.08.21"]
[Round "4.23"]
[White "Scheide, Helmut"]
[Black "Simon, Ralf-Axel"]
[Result "0-1"]
[WhiteElo "1998"]
[BlackElo "2153"]
[PlyCount "76"]
[EventDate "2012.??.??"]
[WhiteTeam "USV Potsdam e.V., Abt. Schach"]
[BlackTeam "TSG Neuruppin"]

1. d4 d5 2. c4 e6 3. e3 Nf6 4. Nc3 a6 5. Nf3 c5 6. cxd5 exd5 7. dxc5 Bxc5 8.
Bd3 O-O 9. b3 Nc6 10. O-O Re8 11. h3 Ba7 12. Qc2 Qd6 13. Bf5 Be6 14. Rd1 Rac8
15. Bxe6 fxe6 16. e4 d4 17. Bg5 Qc5 18. Bxf6 gxf6 19. e5 dxc3 20. exf6 Rc7 21.
b4 Qf5 22. Qxc3 Rf7 23. a4 Qxf6 24. Qxf6 Rxf6 25. b5 Nb4 26. Rd7 Rf7 27. Rd6
Bc5 28. Rd2 a5 29. Rc1 Rc7 30. Rcd1 Nd5 31. Ng5 Nb6 32. Ne4 Be7 33. Rd3 Rc4 34.
Rg3+ Kh8 35. Rg4 Nd5 36. Rd3 Rg8 37. Rdg3 Rxg4 38. Rxg4 h5 0-1

[Event "11. Lichtenberger Sommer"]
[Site "Berlin"]
[Date "2012.08.21"]
[Round "4.24"]
[White "Rohde, Wolfgang"]
[Black "Richter, Götz"]
[Result "1-0"]
[WhiteElo "2185"]
[BlackElo "2019"]
[PlyCount "107"]
[EventDate "2012.??.??"]
[WhiteTeam "SC Friesen Lichtenberg e.V."]
[BlackTeam "Klub Kölner Schachfreunde e.V. 1"]

1. c4 Nf6 2. Nc3 e6 3. d4 Bb4 4. Qc2 c5 5. Nf3 cxd4 6. Nxd4 Nc6 7. Nxc6 bxc6 8.
a3 Be7 9. Bf4 Nh5 10. Bd2 d5 11. cxd5 cxd5 12. e4 O-O 13. exd5 exd5 14. Bd3 Nf6
15. O-O Bb7 16. Rfe1 Bd6 17. h3 Rc8 18. Qa4 Bb8 19. Qh4 Qb6 20. Bg5 Ne4 21.
Nxd5 Bxd5 22. Bxe4 Bxe4 23. Rxe4 Qxb2 24. Rae1 f6 25. Be3 Qxa3 26. Qh5 Qb3 27.
Rh4 Qd3 28. Rd1 Qg6 29. Qd5+ Qf7 30. Qf5 g6 31. Qd7 Rc7 32. Qa4 Rfc8 33. Rhd4
Re7 34. Rd8+ Rxd8 35. Rxd8+ Kg7 36. Qh4 Rxe3 37. fxe3 Qc7 38. Rd1 g5 39. Qg4
Kg6 40. Qe4+ Kh6 41. Qg4 Qe5 42. Qf3 a5 43. h4 gxh4 44. Rd4 Qh2+ 45. Kf1 Be5
46. Rg4 Bc3 47. Ke2 Be5 48. Kd3 Qh1 49. Ke2 Qh2 50. Qe4 Bg3 51. Qc6 Be5 52. Qb7
f5 53. Qc6+ Kh5 54. Rg8 1-0

[Event "11. Lichtenberger Sommer"]
[Site "Berlin"]
[Date "2012.08.21"]
[Round "4.25"]
[White "Lämmel, Sebastian"]
[Black "Gelemerov, Yane"]
[Result "1-0"]
[WhiteElo "1888"]
[BlackElo "2033"]
[PlyCount "91"]
[EventDate "2012.??.??"]
[WhiteTeam "SV Cranzahl 1962"]
[BlackTeam "Krakra Pernik"]

1. e4 e5 2. Nc3 Bc5 3. f4 Bxg1 4. Rxg1 d6 5. d4 Nd7 6. Be3 c6 7. Qf3 Qc7 8.
O-O-O h5 9. h3 Ngf6 10. g4 hxg4 11. hxg4 Nf8 12. g5 Nh5 13. f5 Bd7 14. g6 fxg6
15. fxg6 Nf4 16. Bxf4 exf4 17. Qxf4 O-O-O 18. Bc4 Be8 19. Rdf1 b5 20. Bf7 Bd7
21. d5 c5 22. Rh1 Rxh1 23. Rxh1 b4 24. Nd1 Be8 25. Rf1 Bb5 26. Rf2 Kb8 27. Ne3
Qe7 28. Nf5 Qf6 29. Qh4 Qxh4 30. Nxh4 Bd7 31. Nf5 Bxf5 32. exf5 Kc7 33. f6 Nxg6
34. Bxg6 gxf6 35. Rxf6 Kb6 36. Bd3 a5 37. b3 Rd7 38. Kb2 Kc7 39. a3 Re7 40. Bg6
Re3 41. Rf5 Re2 42. Rf7+ Kd8 43. Ra7 Rd2 44. Bd3 bxa3+ 45. Kxa3 Rd1 46. Kb2 1-0

[Event "11. Lichtenberger Sommer"]
[Site "Berlin"]
[Date "2012.08.21"]
[Round "4.26"]
[White "Höckendorf, Hartmut"]
[Black "Tiemer, Klaus"]
[Result "1/2-1/2"]
[WhiteElo "2185"]
[BlackElo "1963"]
[PlyCount "60"]
[EventDate "2012.??.??"]
[WhiteTeam "BSG Pneumant Fürstenwalde e.V."]
[BlackTeam "TSG Oberschöneweide e.V."]

1. Nf3 Nf6 2. g3 d5 3. Bg2 g6 4. O-O Bg7 5. d3 Nc6 6. c3 O-O 7. b4 a6 8. a3 Bg4
9. h3 Bf5 10. Nd4 Nxd4 11. cxd4 c6 12. Nd2 Qb6 13. Nb3 Rad8 14. Be3 Ne8 15. Rb1
Nd6 16. Qd2 Rfe8 17. a4 Bc8 18. g4 f5 19. g5 Nf7 20. f4 Nd6 21. Bf2 e6 22. e3
Qc7 23. Bf3 Qe7 24. Be1 h6 25. h4 hxg5 26. hxg5 Kf7 27. Bg3 Rh8 28. Kg2 Rh7 29.
Kf2 Rdh8 30. Qc3 Bf8 1/2-1/2

[Event "11. Lichtenberger Sommer"]
[Site "Berlin"]
[Date "2012.08.21"]
[Round "4.28"]
[White "Heuser, Philip"]
[Black "Reiche, Henry"]
[Result "1-0"]
[WhiteElo "2147"]
[BlackElo "2004"]
[PlyCount "88"]
[EventDate "2012.??.??"]
[WhiteTeam "SG Heidelberg-Kirchheim"]
[BlackTeam "SC Zugzwang 95 e.V."]

1. d4 d5 2. c4 c6 3. Nc3 Nf6 4. cxd5 cxd5 5. Bf4 a6 6. e3 Bf5 7. Qb3 b5 8. Rc1
e6 9. a4 b4 10. Na2 Ra7 11. Nf3 a5 12. Bxb8 Qxb8 13. Bb5+ Nd7 14. Ne5 Rb7 15.
Nxd7 Rxd7 16. O-O Bd6 17. h3 Ke7 18. Bxd7 Kxd7 19. Rfd1 h5 20. Rd2 g5 21. f3 g4
22. fxg4 hxg4 23. Rf1 Be4 24. Rxf7+ Ke8 25. Rdf2 gxh3 26. gxh3 Rxh3 27. Kf1
Rh1+ 28. Ke2 Qc8 29. Nc3 Bg6 30. Rg7 Bh5+ 31. Kd3 Qa6+ 32. Nb5 Rd1+ 33. Qxd1
Bxd1 34. Rg8+ Kd7 35. Rf7+ Kc6 36. Ra7 Qb6 37. Rc8+ Bc7 38. Rcxc7+ Qxc7 39.
Rxc7+ Kb6 40. Rc5 Bxa4 41. Nc7 Bb3 42. Nxe6 a4 43. Nc7 a3 44. bxa3 bxa3 1-0

[Event "11. Lichtenberger Sommer"]
[Site "Berlin"]
[Date "2012.08.21"]
[Round "4.29"]
[White "Keusch, Horst"]
[Black "Sawlin, Leonid"]
[Result "0-1"]
[WhiteElo "2003"]
[BlackElo "1952"]
[PlyCount "86"]
[EventDate "2012.??.??"]
[WhiteTeam "SC Friesen Lichtenberg e.V."]
[BlackTeam "TuS Makkabi Berlin e.V."]

1. f4 d5 2. Nf3 g6 3. e3 Bg7 4. Be2 c5 5. O-O Nc6 6. d3 Nf6 7. c3 O-O 8. Qe1
Re8 9. d4 Ne4 10. Nbd2 cxd4 11. exd4 Nd6 12. Bd3 b5 13. Ne5 Qb6 14. Nxc6 Qxc6
15. Nf3 Qb6 16. Kh1 a5 17. Bd2 Rb8 18. Rb1 Qc7 19. Ng5 Bd7 20. Qh4 h6 21. Nf3
Bf5 22. Bxf5 Nxf5 23. Qh3 b4 24. Ne5 Nd6 25. Rbc1 Qb7 26. f5 Nxf5 27. Nxf7 Kxf7
28. g4 e6 29. Rf2 bxc3 30. bxc3 Qa6 31. Rg1 Rb2 32. gxf5 exf5 33. Rfg2 Re6 34.
Qf3 Re4 35. Qg3 g5 36. Qc7+ Re7 37. Qc5 Re2 38. Qxd5+ Qe6 39. Qxe6+ Rxe6 40. h4
Re4 41. Rh2 Rxh4 42. Rxh4 gxh4 43. Rg2 Rxa2 0-1

[Event "11. Lichtenberger Sommer"]
[Site "Berlin"]
[Date "2012.08.21"]
[Round "4.30"]
[White "Matitschka, Heinz"]
[Black "Nötzel, Felix"]
[Result "0-1"]
[WhiteElo "1870"]
[BlackElo "2107"]
[PlyCount "48"]
[EventDate "2012.??.??"]
[WhiteTeam "TSG Oberschöneweide e.V."]
[BlackTeam "Sfrd. Berlin 1903 e.V."]

1. d4 Nf6 2. c4 e5 3. dxe5 Ne4 4. Nf3 Nc6 5. Qd5 f5 6. exf6 Nxf6 7. Bg5 Nxd5 8.
Bxd8 Ndb4 9. Bxc7 Nc2+ 10. Kd1 Nxa1 11. Nc3 d6 12. e4 Be6 13. Nd5 Kd7 14. Be2
Bxd5 15. exd5 Kxc7 16. dxc6 bxc6 17. Kd2 Rb8 18. Rxa1 Rxb2+ 19. Kd3 Be7 20. Nd4
Bf6 21. Bf3 Rxf2 22. Rb1 Bxd4 23. Kxd4 Rxa2 24. Re1 Rd8 0-1

[Event "11. Lichtenberger Sommer"]
[Site "Berlin"]
[Date "2012.08.21"]
[Round "4.31"]
[White "Langner, Tobias"]
[Black "Neumann, Thomas"]
[Result "0-1"]
[WhiteElo "1948"]
[BlackElo "2130"]
[PlyCount "135"]
[EventDate "2012.??.??"]
[WhiteTeam "USV Potsdam e.V., Abt. Schach"]
[BlackTeam "SC Borussia Friedrichsfelde 1920"]

1. e4 d5 2. exd5 Qxd5 3. Nf3 Nf6 4. d4 Bg4 5. Be2 Nc6 6. Nc3 Qh5 7. Bb5 Bxf3 8.
gxf3 e6 9. Qd3 Nd5 10. Bxc6+ bxc6 11. Ne4 Bd6 12. Bd2 Rb8 13. O-O-O Nb4 14.
Bxb4 Rxb4 15. Rhg1 Bxh2 16. Qd2 Qh6 17. Qxh6 gxh6 18. Rg4 Bd6 19. c3 Rb5 20.
Rh1 Be7 21. Rgg1 h5 22. b4 Rf5 23. Rh3 h4 24. Kd2 h6 25. Ke2 Kf8 26. Nd2 e5 27.
Nc4 exd4 28. cxd4 Rf4 29. Rg4 Rf6 30. Rgxh4 Bxb4 31. Ne5 Re6 32. Kd3 c5 33.
Nd7+ Ke7 34. Nxc5 Bxc5 35. dxc5 Ra6 36. a4 Rd8+ 37. Kc3 Rd5 38. Kb4 Rc6 39.
Rxh6 a5+ 40. Kxa5 Rdxc5+ 41. Kb4 Rc4+ 42. Kb3 Rc3+ 43. Kb2 Rxh6 44. Rxh6 Rxf3
45. Rc6 Rxf2+ 46. Kc3 Kd7 47. Rc4 Kc8 48. Kd3 Kb7 49. Ke3 Rf1 50. Ke2 Rf5 51.
Ke3 f6 52. Ke4 Re5+ 53. Kf4 Kb6 54. Kf3 c5 55. Kf4 Kc6 56. Rc1 Rd5 57. Ra1 Kb6
58. a5+ Ka6 59. Ke4 Rd6 60. Rc1 Kb5 61. Ra1 c4 62. Ra2 Rc6 63. Kd4 c3 64. Kd3
Kb4 65. Kc2 Rd6 66. a6 Rd2+ 67. Kb1 Kb3 68. Rc2 0-1

[Event "11. Lichtenberger Sommer"]
[Site "Berlin"]
[Date "2012.08.21"]
[Round "4.32"]
[White "Zur, Jan"]
[Black "Yuan, Yizheng"]
[Result "1-0"]
[WhiteElo "2001"]
[BlackElo "1895"]
[PlyCount "81"]
[EventDate "2012.??.??"]
[WhiteTeam "SC Zugzwang 95 e.V."]
[BlackTeam "Sfrd. Berlin 1903 e.V."]

1. e4 e5 2. Nf3 Nc6 3. Bc4 Bc5 4. c3 Nf6 5. d3 d6 6. O-O a6 7. Bb3 Ba7 8. Nbd2
O-O 9. h3 h6 10. Re1 Be6 11. Nf1 Re8 12. Ng3 d5 13. Be3 Qd7 14. Bxa7 Rxa7 15.
Qe2 Raa8 16. Rad1 d4 17. Bxe6 fxe6 18. c4 Qd6 19. Rc1 Nd7 20. a3 a5 21. Nh4 a4
22. Nh5 Qe7 23. Qg4 Qf7 24. Rf1 Kh7 25. f4 Nf6 26. Nxf6+ gxf6 27. f5 Qg7 28.
Qxg7+ Kxg7 29. fxe6 Rxe6 30. Nf5+ Kh7 31. Rf3 Rf8 32. Rcf1 Rf7 33. R1f2 h5 34.
g4 hxg4 35. hxg4 Ne7 36. Rh3+ Kg6 37. Rfh2 Kg5 38. Rh5+ Kg6 39. Kf2 Rb6 40.
Rh6+ Kg5 41. Kf3 1-0

[Event "11. Lichtenberger Sommer"]
[Site "Berlin"]
[Date "2012.08.21"]
[Round "4.33"]
[White "Welz, Peter"]
[Black "Reiche, Andreas"]
[Result "1-0"]
[WhiteElo "2140"]
[BlackElo "1935"]
[PlyCount "54"]
[EventDate "2012.??.??"]
[WhiteTeam "SV Empor Berlin e.V."]
[BlackTeam "SV Berolina Mitte e.V."]

1. e4 c5 2. Nc3 Nc6 3. g3 g6 4. Bg2 Bg7 5. d3 e6 6. Be3 d6 7. Qd2 Rb8 8. Nf3
Nd4 9. Bxd4 cxd4 10. Nb5 Qb6 11. Qb4 Bf8 12. Qc4 e5 13. Nc7+ Kd8 14. Qxf7 Ne7
15. Nd5 Nxd5 16. exd5 Qa5+ 17. c3 Be7 18. O-O dxc3 19. bxc3 Bf5 20. d4 e4 21.
Nd2 Rf8 22. Qxh7 Qxd5 23. Rae1 Rf7 24. Qh6 Qxa2 25. Nxe4 Bf8 26. Qf4 Kd7 27. d5
Rh7 1-0

[Event "11. Lichtenberger Sommer"]
[Site "Berlin"]
[Date "2012.08.21"]
[Round "4.34"]
[White "Olivares, Eduardo"]
[Black "Kapr, Klaus"]
[Result "0-1"]
[WhiteElo "1849"]
[BlackElo "2095"]
[PlyCount "104"]
[EventDate "2012.??.??"]
[WhiteTeam "SC Zitadelle Spandau 1977 e.V."]
[BlackTeam "SC Friesen Lichtenberg e.V."]

1. d4 d5 2. c4 Nc6 3. Nf3 Bg4 4. cxd5 Bxf3 5. exf3 Qxd5 6. Be3 e6 7. Nc3 Qh5 8.
Bb5 Nge7 9. O-O a6 10. Ba4 b5 11. Bc2 Rd8 12. f4 Qxd1 13. Rfxd1 g6 14. Be4 Bg7
15. Ne2 Nd5 16. Rac1 Rd6 17. Bxd5 exd5 18. Rc5 Kd7 19. Rdc1 f5 20. Kf1 Rc8 21.
Ke1 Nb4 22. Kd2 Nc6 23. R1c2 Na5 24. Nc3 c6 25. Ne2 Nc4+ 26. Kd3 Re6 27. Bc1
Bf8 28. b3 Bxc5 29. dxc5 Na5 30. Nd4 Re7 31. Nf3 Rce8 32. Bb2 Nb7 33. Bd4 Nd8
34. Bf6 Re6 35. Ne5+ Kc7 36. Bxd8+ Kxd8 37. Nf3 Kc7 38. g3 a5 39. a3 Re4 40.
Ng5 Re1 41. Nf3 Ra1 42. Kc3 Rxa3 43. Kb2 b4 44. Nd4 a4 45. bxa4 Ra8 46. Kc1
R8xa4 47. Rb2 Rc3+ 48. Kd2 Rxc5 49. h4 Rca5 50. Ke3 c5 51. Nf3 Ra2 52. Rb1 Ra1
0-1

[Event "11. Lichtenberger Sommer"]
[Site "Berlin"]
[Date "2012.08.21"]
[Round "4.35"]
[White "Barwich, Andreas"]
[Black "Burger, Heinrich"]
[Result "0-1"]
[WhiteElo "1945"]
[BlackElo "2138"]
[PlyCount "92"]
[EventDate "2012.??.??"]
[WhiteTeam "SV Berolina Mitte e.V."]
[BlackTeam "VfB Hermsdorf e.V."]

1. Nf3 Nf6 2. b3 g6 3. Bb2 Bg7 4. e3 O-O 5. Be2 d6 6. d3 c5 7. O-O Nc6 8. Nbd2
Qc7 9. h3 Rb8 10. Nh4 b5 11. f4 Nd5 12. Bxg7 Nxe3 13. Qc1 Kxg7 14. Rf3 Nf5 15.
Nxf5+ Bxf5 16. c3 d5 17. Rf2 f6 18. g4 Bc8 19. Qf1 Bb7 20. h4 e5 21. f5 gxf5
22. Rxf5 Ne7 23. Rf2 Ng6 24. h5 Nf4 25. Nf3 Kh8 26. Rh2 Rg8 27. Nh4 Rbf8 28.
Re1 Bc6 29. Kf2 Rg5 30. Qh1 Bd7 31. Rf1 Bxg4 32. Ng6+ Nxg6 33. hxg6 Rxg6 34.
Qxd5 Rd8 35. Qe4 f5 36. Qe3 Qd6 37. Rfh1 Rd7 38. Ke1 Bxe2 39. Kxe2 b4 40. c4
Qd4 41. Qf3 e4 42. dxe4 Qd2+ 43. Kf1 Qc1+ 44. Kf2 Rd2+ 45. Ke3 Rd1+ 46. Ke2
Qd2# 0-1

[Event "11. Lichtenberger Sommer"]
[Site "Berlin"]
[Date "2012.08.21"]
[Round "4.37"]
[White "Meyer, Ulrich"]
[Black "Deutschbein, Christopher"]
[Result "1/2-1/2"]
[WhiteElo "2069"]
[BlackElo "2049"]
[PlyCount "138"]
[EventDate "2012.??.??"]
[WhiteTeam "Schachclub Sendenhorst e.V."]
[BlackTeam "Bille SC von 1924 e.V."]

1. c4 e5 2. Nf3 e4 3. Nd4 c5 4. Nb5 b6 5. d3 Ba6 6. N1c3 Bxb5 7. Nxb5 a6 8. Nc3
exd3 9. Qxd3 Nc6 10. Bf4 Nf6 11. g3 Be7 12. Bg2 O-O 13. O-O Nh5 14. Bd6 Nf6 15.
Rad1 Rc8 16. Rd2 Nd4 17. Bxe7 Qxe7 18. e3 Nc6 19. Rfd1 Ne5 20. Nd5 Qe6 21. Qb3
Rb8 22. Nxf6+ gxf6 23. Bd5 Qh3 24. f4 Ng4 25. Bf3 b5 26. Bxg4 Qxg4 27. Kg2 Qe6
28. Qc2 bxc4 29. e4 Rb7 30. Rd6 Qg4 31. h3 Qg6 32. Rxd7 Rfb8 33. Rd8+ Kg7 34.
Rxb8 Rxb8 35. Re1 Kh8 36. Re2 Rb4 37. Qc3 a5 38. e5 Kg7 39. exf6+ Qxf6 40. Re5
Qc6+ 41. Kg1 f6 42. Re7+ Kf8 43. Rxh7 Qb6 44. Qe3 Qd6 45. Qf3 Kg8 46. Ra7 f5
47. Ra8+ Kg7 48. Ra7+ Kg8 49. Qa8+ Rb8 50. Rd7 Qxd7 51. Qxb8+ Kf7 52. Qe5 Qd4+
53. Kg2 Qd2+ 54. Kf1 Qd3+ 55. Kf2 Qd2+ 56. Qe2 Qd4+ 57. Kg2 c3 58. bxc3 Qxc3
59. g4 fxg4 60. hxg4 Qd4 61. f5 Qd5+ 62. Kf2 c4 63. Qe6+ Qxe6 64. fxe6+ Kxe6
65. Ke3 Ke5 66. a4 c3 67. Kd3 Kf4 68. Kxc3 Kxg4 69. Kc4 Kf5 1/2-1/2

[Event "11. Lichtenberger Sommer"]
[Site "Berlin"]
[Date "2012.08.21"]
[Round "4.38"]
[White "Walter, Günter"]
[Black "Wirth, Heinz"]
[Result "0-1"]
[WhiteElo "1983"]
[BlackElo "1988"]
[PlyCount "74"]
[EventDate "2012.??.??"]
[WhiteTeam "TSG Oberschöneweide e.V."]
[BlackTeam "SC Weisse Dame e.V."]

1. e4 Nf6 2. Nc3 d5 3. e5 Ne4 4. Qf3 Nxc3 5. dxc3 g6 6. Bf4 c6 7. O-O-O Qa5 8.
Kb1 Bg7 9. Qe3 Be6 10. a3 Nd7 11. Nf3 Qc5 12. Nd4 b5 13. h4 a5 14. Re1 Rb8 15.
b4 axb4 16. axb4 Qb6 17. Qg3 Qa6 18. h5 c5 19. Nxe6 Qxe6 20. hxg6 hxg6 21.
Rxh8+ Bxh8 22. Qh2 Bg7 23. Qh7 Bf8 24. g3 Rb6 25. Re3 d4 26. cxd4 cxd4 27. Ra3
Qd5 28. Ra7 Qe4 29. Bh3 f5 30. exf6 Nxf6 31. Qh8 Kf7 32. Bg5 Bg7 33. Qa8 Qe1+
34. Ka2 Qxb4 35. Bxf6 Qc4+ 36. Kb1 Bxf6 37. Bd7 d3 0-1

[Event "11. Lichtenberger Sommer"]
[Site "Berlin"]
[Date "2012.08.21"]
[Round "4.39"]
[White "Hahlbohm, Matthias"]
[Black "Jachym, Adam"]
[Result "0-1"]
[WhiteElo "2065"]
[BlackElo "1881"]
[PlyCount "64"]
[EventDate "2012.??.??"]
[WhiteTeam "TSG Oberschöneweide e.V."]
[BlackTeam "Spolem Opole"]

1. e4 e5 2. Nf3 Nc6 3. d4 exd4 4. Nxd4 Nf6 5. Nxc6 bxc6 6. Bd3 d5 7. e5 Ng4 8.
O-O Bc5 9. Bf4 f6 10. h3 fxe5 11. hxg4 exf4 12. Re1+ Kf7 13. Nd2 Qh4 14. Nf3
Qxf2+ 15. Kh1 h5 16. g5 Bg4 17. Rf1 Qg3 18. Qd2 Kg8 19. Qc3 h4 20. Qe1 h3 21.
Qxg3 fxg3 22. Rfe1 Bxf3 23. gxf3 Kf7 24. Bf5 Bf2 25. Re6 Rae8 26. g6+ Kf8 27.
Rd1 Rxe6 28. Bxe6 Ke7 29. Bf7 Kf6 30. b3 Rh5 31. Be8 Re5 32. Bxc6 Rg5 0-1

[Event "11. Lichtenberger Sommer"]
[Site "Berlin"]
[Date "2012.08.21"]
[Round "4.41"]
[White "Mai, Andreas"]
[Black "Getzuhn, Detlef"]
[Result "1-0"]
[WhiteElo "1990"]
[BlackElo "1904"]
[PlyCount "87"]
[EventDate "2012.??.??"]
[WhiteTeam "SC Friesen Lichtenberg e.V."]
[BlackTeam "SV Senat e.V."]

1. e4 e6 2. d4 b6 3. Nf3 Bb7 4. Bd3 c5 5. c3 d6 6. O-O Nf6 7. Re1 Be7 8. Bf4
O-O 9. Qe2 Nbd7 10. Nbd2 Nh5 11. Be3 g6 12. e5 Qc7 13. Bh6 Rfe8 14. g4 Ng7 15.
h4 Rad8 16. Rac1 dxe5 17. dxe5 Nf8 18. Bb5 Bc6 19. Bxc6 Qxc6 20. Ne4 Nd7 21.
Rcd1 f5 22. exf6 Nxf6 23. Rxd8 Bxd8 24. Nxf6+ Bxf6 25. Ng5 e5 26. Ne4 Bxh4 27.
g5 Rf8 28. Nf6+ Rxf6 29. gxf6 Qxf6 30. Bxg7 Kxg7 31. Kf1 Bg3 32. Rd1 Qf5 33.
Kg2 Bf4 34. Qf3 e4 35. Qh3 Qg5+ 36. Kf1 e3 37. Rd7+ Kf6 38. fxe3 Bxe3 39. Qf3+
Bf4 40. Qc6+ Kf5 41. Qd5+ Be5 42. Rf7+ Kg4 43. Qf3+ Kh4 44. Rxh7+ 1-0

[Event "11. Lichtenberger Sommer"]
[Site "Berlin"]
[Date "2012.08.21"]
[Round "4.42"]
[White "Kapp, Frank"]
[Black "Guenther, Thomas"]
[Result "0-1"]
[WhiteElo "1887"]
[BlackElo "2085"]
[PlyCount "84"]
[EventDate "2012.??.??"]
[WhiteTeam "TSV IFA Chemnitz"]
[BlackTeam "SV Senat e.V."]

1. d4 Nf6 2. c4 e6 3. Nc3 d5 4. Bg5 Nbd7 5. e3 c6 6. Nf3 Be7 7. Rc1 b6 8. cxd5
exd5 9. Bd3 Bb7 10. O-O O-O 11. Bb1 Ne4 12. Bf4 f5 13. Ne5 Nxe5 14. Bxe5 Qd7
15. f3 Nd6 16. f4 Nc4 17. Qe2 Rac8 18. Bd3 Nxe5 19. fxe5 c5 20. Rf3 c4 21. Bb1
b5 22. Rcf1 g6 23. a3 a5 24. Rg3 Kh8 25. Bc2 Bc6 26. Nb1 b4 27. Rgf3 Bb5 28.
Rc1 b3 29. Bxf5 Rxf5 30. Nc3 Bc6 31. Rcf1 Rcf8 32. Qe1 Bd8 33. Qg3 a4 34. Qe1
Ba5 35. Qc1 Bxc3 36. Qxc3 Rxf3 37. gxf3 Qf5 38. e4 dxe4 39. Qxc4 exf3 40. Qxc6
Qg4+ 41. Kf2 Qg2+ 42. Ke1 Qe2# 0-1

[Event "11. Lichtenberger Sommer"]
[Site "Berlin"]
[Date "2012.08.21"]
[Round "4.43"]
[White "Poseck, Steffen"]
[Black "Meyer, Willfried"]
[Result "0-1"]
[WhiteElo "2076"]
[BlackElo "1807"]
[PlyCount "36"]
[EventDate "2012.??.??"]
[WhiteTeam "BSV 63 Chemie Weißensee"]
[BlackTeam "SC Zugzwang 95 e.V."]

1. d4 Nf6 2. c4 e5 3. dxe5 Ne4 4. Nf3 b6 5. Qd5 Bb7 6. Qxb7 Nc6 7. Qa6 Bb4+ 8.
Bd2 Nc5 9. Qb5 Bxd2+ 10. Nbxd2 a6 11. Qxc6 dxc6 12. O-O-O Qe7 13. e3 O-O 14.
Be2 Rad8 15. Nd4 Qxe5 16. Nxc6 Qf6 17. Nxd8 Na4 18. Kc2 Qxb2+ 0-1

[Event "11. Lichtenberger Sommer"]
[Site "Berlin"]
[Date "2012.08.21"]
[Round "4.44"]
[White "Heerde, Thomas"]
[Black "Lieder, Günter"]
[Result "1-0"]
[WhiteElo "1969"]
[BlackElo "1862"]
[PlyCount "51"]
[EventDate "2012.??.??"]
[WhiteTeam "SC Weisse Dame e.V."]
[BlackTeam "SK Turm Bad Hersfeld"]

1. e4 c5 2. Nf3 d6 3. d4 cxd4 4. Nxd4 e6 5. Nc3 a6 6. Be3 Be7 7. Qd2 Qc7 8.
O-O-O Nc6 9. f4 Nf6 10. Be2 Bd7 11. g4 Nxd4 12. Bxd4 Bc6 13. Qe3 Rg8 14. Rhe1
b5 15. a3 Qb7 16. Bf3 b4 17. axb4 Qxb4 18. e5 Bxf3 19. Qxf3 Rb8 20. Na2 Qa4 21.
exf6 gxf6 22. Kb1 e5 23. Bc3 d5 24. fxe5 Ba3 25. exf6+ Kf8 26. Qxd5 1-0

[Event "11. Lichtenberger Sommer"]
[Site "Berlin"]
[Date "2012.08.21"]
[Round "4.46"]
[White "Boeck, Rüdiger"]
[Black "Kupfer, Michael"]
[Result "0-1"]
[WhiteElo "1845"]
[BlackElo "2021"]
[PlyCount "64"]
[EventDate "2012.??.??"]
[WhiteTeam "SC Weisse Dame Ulm e.V."]
[BlackTeam "SC Friesen Lichtenberg e.V."]

1. e4 g6 2. d4 Bg7 3. f4 d5 4. e5 Nh6 5. h3 Nf5 6. Qd3 h5 7. Ne2 h4 8. g4 hxg3
9. Nxg3 Nxg3 10. Qxg3 Bf5 11. Bd3 Qd7 12. Bxf5 Qxf5 13. Qg2 Nc6 14. c3 O-O-O
15. Be3 Rh5 16. h4 e6 17. Nd2 Qc2 18. Rb1 Ne7 19. Ke2 Nf5 20. Bf2 Qa4 21. b3
Qa6+ 22. c4 Bh6 23. Qf3 dxc4 24. bxc4 Rxd4 25. Rb3 Rxf4 26. Qd3 Qc6 27. Rhb1
Qg2 28. Rxb7 Rd4 29. Rxc7+ Kxc7 30. Rb7+ Kc8 31. Rb8+ Kxb8 32. Qb3+ Qb7 0-1

[Event "11. Lichtenberger Sommer"]
[Site "Berlin"]
[Date "2012.08.21"]
[Round "4.47"]
[White "Gnaß, Erhard"]
[Black "Gräfe, Charly"]
[Result "0-1"]
[WhiteElo "1528"]
[BlackElo "1950"]
[PlyCount "72"]
[EventDate "2012.??.??"]
[WhiteTeam "SK Zehlendorf e.V."]
[BlackTeam "SF Friedrichshagen"]

1. c4 Nf6 2. g3 e6 3. Bg2 d5 4. Nf3 Be7 5. O-O O-O 6. d3 c5 7. b3 Nc6 8. Nbd2
d4 9. Re1 Rb8 10. Nf1 e5 11. Bg5 h6 12. Bxf6 Bxf6 13. N3d2 Be7 14. h3 f5 15.
Bd5+ Kh7 16. e4 dxe3 17. fxe3 Bd6 18. Nh2 Nb4 19. Ndf1 Nxd5 20. cxd5 f4 21. g4
Qh4 22. Qf3 b5 23. e4 Bc7 24. Kg2 Ba6 25. Qf2 Qe7 26. Nf3 Bb6 27. Qh4 Qd6 28.
g5 Rbe8 29. N1h2 Bd8 30. Qg4 Qg6 31. gxh6 Qxh6 32. Kh1 Bf6 33. Rg1 Bc8 34. Qg2
Bxh3 35. Qf2 g5 36. Qxc5 g4 0-1

[Event "11. Lichtenberger Sommer"]
[Site "Berlin"]
[Date "2012.08.21"]
[Round "4.48"]
[White "Petersen, Soren Boeck"]
[Black "Sappok, Marius"]
[Result "1-0"]
[WhiteElo "2279"]
[BlackElo "1977"]
[PlyCount "107"]
[EventDate "2012.??.??"]
[WhiteTeam "Damhus Skakklub"]
[BlackTeam "SC Pirmasens 1912"]

1. e4 e5 2. Nf3 Nc6 3. d4 exd4 4. Nxd4 Nf6 5. Nxc6 bxc6 6. e5 Qe7 7. Qe2 Nd5 8.
c4 Nb6 9. Nc3 Bb7 10. Bf4 O-O-O 11. O-O-O g5 12. Bg3 Bg7 13. Re1 Ba6 14. Qe4
Qc5 15. h4 h6 16. hxg5 hxg5 17. Rxh8 Rxh8 18. a3 Bb7 19. Bd3 Qe7 20. f3 c5 21.
Qf5 Qe6 22. b3 g4 23. fxg4 Bxg2 24. Qf2 Bc6 25. Bf5 Qe7 26. a4 a5 27. Kc2 Rh1
28. Rxh1 Bxh1 29. Qe3 Bc6 30. Bf4 Kb8 31. Ne4 Bxe5 32. Nxc5 d6 33. Bxe5 Qxe5
34. Qxe5 dxe5 35. g5 Nc8 36. Nd3 e4 37. Ne5 Be8 38. Bxe4 Nd6 39. Bh7 Kc8 40.
Kd3 Kd8 41. Kd4 Ke7 42. c5 Nb7 43. g6 fxg6 44. Bxg6 Bxg6 45. Nxg6+ Ke6 46. Ne5
Nd8 47. Nc4 Nc6+ 48. Ke4 Ke7 49. Ne5 Nb4 50. Nd3 Na6 51. Kd5 Kd8 52. Kc6 Kc8
53. Kb5 Kb7 54. c6+ 1-0

[Event "11. Lichtenberger Sommer"]
[Site "Berlin"]
[Date "2012.08.21"]
[Round "4.50"]
[White "Marxen, Peter"]
[Black "Körner, Helmut"]
[Result "1-0"]
[WhiteElo "2140"]
[BlackElo "1936"]
[PlyCount "43"]
[EventDate "2012.??.??"]
[WhiteTeam "Preetzer TSV"]
[BlackTeam "Sfr.Nord-Ost Berlin"]

1. e4 d5 2. exd5 Nf6 3. Bb5+ Bd7 4. Bc4 b5 5. Bb3 Bg4 6. Nf3 Nxd5 7. h3 Bxf3 8.
Qxf3 e6 9. Nc3 c6 10. O-O Be7 11. Re1 O-O 12. d4 Bf6 13. Nxd5 cxd5 14. c3 Nd7
15. Bc2 Qb6 16. h4 b4 17. h5 bxc3 18. bxc3 g6 19. Ba4 Bxd4 20. Bxd7 Bxf2+ 21.
Qxf2 Qc7 22. Bh6 1-0